[Event "Mechanics' Fall TNM; G/2"]
[Site "San Francisco"]
[Date "2015.11.10"]
[Round "4.17"]
[White "Sachs-Weintraub, J."]
[Black "Klinetobe, David"]
[Result "0-1"]
[WhiteElo "1321"]
[BlackElo "2000"]
[PlyCount "64"]
[EventDate "2015.??.??"]

1. e4 e6 2. d4 d5 3. e5 c5 4. c3 Nc6 5. Nf3 Nh6 6. Bxh6 gxh6 7. Bb5 Bd7 8. O-O
Nxe5 9. Nxe5 Bxb5 10. Qf3 Qe7 11. Re1 Rc8 12. a4 Bd7 13. b3 Bg7 14. Qg3 Qg5 15.
Qxg5 hxg5 16. dxc5 Rxc5 17. b4 Rc7 18. Ra3 f6 19. Nxd7 Kxd7 20. Nd2 Rhc8 21.
Re3 f5 22. Nb3 Rxc3 23. Rxc3 Rxc3 24. Nc5+ Ke7 25. Rxc3 Bxc3 26. b5 b6 27. Nd3
e5 28. f3 e4 29. fxe4 fxe4 30. Nc1 d4 31. Kf1 d3 32. Kf2 d2 0-1

[Event "Mechanics' Winter TNM; 30/90, SD/30"]
[Site "San Francisco"]
[Date "2015.02.03"]
[Round "5.40"]
[White "Sachs-Weintraub, Julian"]
[Black "Chandrasekaran, Siddarth"]
[Result "0-1"]
[WhiteElo "1141"]
[BlackElo "1555"]
[PlyCount "84"]
[EventDate "2015.??.??"]

1. e4 e5 2. Nf3 Nc6 3. Bc4 Nf6 4. Nc3 Be7 5. O-O O-O 6. a3 d6 7. h3 Be6 8. Bxe6
fxe6 9. d4 exd4 10. Nxd4 Nxd4 11. Qxd4 c5 12. Qe3 Nd7 13. Ne2 Qe8 14. Qb3 Bf6
15. Qxb7 Qe7 16. c3 a5 17. Qb3 a4 18. Qc2 Qf7 19. Qd3 Be7 20. Qg3 e5 21. Qd3
Qg6 22. Ng3 Nb6 23. Nf5 Ra7 24. Rd1 c4 25. Nxe7+ Rxe7 26. Qxd6 Rd7 27. Qxd7
Nxd7 28. Rxd7 Qxe4 29. Be3 Qc2 30. Rd2 Qg6 31. Rad1 h6 32. Rd6 Rf6 33. Rd8+ Kh7
34. Rc8 Qe4 35. Rb8 Rg6 36. g3 Rxg3+ 37. fxg3 Qxe3+ 38. Kf1 Qf3+ 39. Ke1 Qxg3+
40. Kd2 e4 41. Rd8 e3+ 42. Ke2 Qf2# 0-1

[Event "Mechanics' Summer TNM; G/2"]
[Site "San Francisco"]
[Date "2015.07.07"]
[Round "7.38"]
[White "Sachs-Weintraub, Julian"]
[Black "Erdenebileg, Enkhjin"]
[Result "1-0"]
[WhiteElo "1247"]
[BlackElo "395"]
[PlyCount "31"]
[EventDate "2015.??.??"]

1. e4 e5 2. Nf3 Nc6 3. Bc4 Bc5 4. O-O Nf6 5. d3 h6 6. a4 d6 7. c3 Nh5 8. b4 Qf6
9. bxc5 Nf4 10. Bxf4 exf4 11. cxd6 cxd6 12. Re1 Qg6 13. Nh4 Qg4 14. Qxg4 Bxg4
15. Nf5 Bxf5 16. exf5+ {and White went on to win.} 1-0

[Event "Mechanics' Winter TNM; 30/90, SD/30"]
[Site "San Francisco"]
[Date "2015.02.24"]
[Round "8.37"]
[White "Sachs-Weintraub, Julian"]
[Black "Eytan, David"]
[Result "0-1"]
[WhiteElo "1141"]
[BlackElo "1599"]
[PlyCount "50"]
[EventDate "2015.??.??"]

1. e4 c5 2. Bc4 Nc6 3. Nf3 e6 4. Nc3 g6 5. O-O Bg7 6. d3 d6 7. Bb5 Nf6 8. Bg5
O-O 9. Bxc6 bxc6 10. d4 Ba6 11. Re1 cxd4 12. Nxd4 Qb6 13. Nb3 Rfd8 14. Qd2 Rab8
15. h3 Rd7 16. Bh6 Ne8 17. Bxg7 Kxg7 18. e5 c5 19. Ne4 Qc6 20. exd6 Bb7 21.
Qc3+ Kg8 22. Nexc5 Rxd6 23. Nxb7 Qxc3 24. bxc3 Rxb7 25. Rab1 Rc7 {
Remaining moves unavailable. Black went on to win the ending.} 0-1

[Event "Mechanics' Summer TNM; G/2"]
[Site "San Francisco"]
[Date "2015.06.23"]
[Round "5.34"]
[White "Sachs-Weintraub, Julian"]
[Black "Hilliard, Michael"]
[Result "0-1"]
[WhiteElo "1247"]
[BlackElo "1459"]
[PlyCount "86"]
[EventDate "2015.??.??"]

1. e4 c6 2. d4 d5 3. e5 Bf5 4. Nf3 e6 5. c4 Bb4+ 6. Bd2 Qa5 7. Nc3 Ne7 8. a3
Bxc3 9. Bxc3 Qc7 10. c5 Nd7 11. Bd3 O-O 12. Bxf5 Nxf5 13. O-O f6 14. Re1 fxe5
15. Nxe5 Rae8 16. Nxd7 Qxd7 17. Re5 Rf6 18. b4 Qf7 19. Qe2 Qg6 20. g3 Nh4 21.
Re3 Ref8 22. f4 Nf5 23. Rf3 h5 24. Rf2 {Diagram #} Nxg3 $1 25. hxg3 Qxg3+ 26.
Rg2 Qxc3 27. Rd1 Qh3 28. Rd3 Qf5 29. Rf3 Rg6 30. Rfg3 Rxg3 31. Rxg3 g6 32. Qg2
Kh7 33. Rf3 Qe4 34. Qf2 g5 35. Rh3 Kg6 36. Re3 Qf5 37. Re5 Qg4+ 38. Kh1 Rxf4
39. Qc2+ Re4 40. Qd3 Kh6 41. Qf1 Qh4+ 42. Kg2 Rg4+ 43. Kf3 Rf4+ 0-1

[Event "Mechanics' Spring TNM; G/2"]
[Site "San Francisco"]
[Date "2015.04.28"]
[Round "7.30"]
[White "Sachs-Weintraub, Julian"]
[Black "LaGrotta, Daniel"]
[Result "0-1"]
[WhiteElo "1141"]
[BlackElo "1592"]
[Annotator "Winslow,Elliott"]
[PlyCount "58"]
[EventDate "2015.??.??"]

1. e4 c5 2. Nf3 Nc6 3. Nc3 g6 4. Bc4 Bg7 5. Ng5 Ne5 6. Bb3 c4 7. Ba4 Nh6 8. d4
cxd3 9. cxd3 O-O 10. d4 Nc6 11. Bxc6 bxc6 12. O-O d6 13. Nf3 Bg4 14. Qd3 Bxf3
15. Qxf3 Qb6 16. Qh3 Nf5 17. exf5 Bxd4 18. fxg6 hxg6 19. Be3 Bxe3 20. Qxe3 Qxb2
21. Rab1 Qa3 22. Rb3 Qa6 23. Qxe7 d5 24. Ra3 Qc4 25. Nd1 Rfe8 26. Qf6 Re6 27.
Qa1 Rae8 28. Rh3 $4 {Diagram [#]} Qxf1+ 29. Kxf1 Re1# 0-1

[Event "Mechanics' Winter TNM; 30/90, SD/30"]
[Site "San Francisco"]
[Date "2015.01.13"]
[Round "2.28"]
[White "Sachs-Weintraub, Julian"]
[Black "Lesquillier, Walter"]
[Result "1/2-1/2"]
[WhiteElo "1141"]
[BlackElo "1797"]
[PlyCount "96"]
[EventDate "2015.??.??"]

1. e4 c5 2. Bc4 Nc6 3. Nf3 g6 4. O-O Bg7 5. c3 Nf6 6. d3 d6 7. Be3 O-O 8. Nbd2
Bg4 9. Qb3 Na5 10. Qd1 Nxc4 11. Nxc4 b5 12. Ncd2 Nd7 13. Qc1 Qc7 14. d4 Bxf3
15. Nxf3 Rfc8 16. Bh6 Qb7 17. Bxg7 Kxg7 18. Qf4 Nf8 19. d5 Qd7 20. Rfe1 f6 21.
b3 e6 22. c4 bxc4 23. bxc4 e5 24. Qh4 h6 25. a4 Rcb8 26. a5 Rb4 27. Rec1 Rab8
28. Qg3 Rb3 29. Qh4 Qb7 30. h3 Qb4 31. Nh2 Qd2 32. Ng4 Qg5 33. Qxg5 hxg5 34.
Ne3 R8b4 35. g4 Nd7 36. Kg2 Nb8 37. Kf3 Na6 38. Kg2 Kf7 39. Kg3 Rb8 40. h4
gxh4+ 41. Kxh4 Nb4 42. Kg3 Nd3 43. Rh1 Kg7 44. Rh2 Rh8 45. Ra2 Rxh2 46. Kxh2
Rb2 47. Rxb2 Nxb2 48. Kg3 Nd3 1/2-1/2

[Event "Mechanics' Spring TNM; G/2"]
[Site "San Francisco"]
[Date "2015.04.07"]
[Round "4.28"]
[White "Sachs-Weintraub, Julian"]
[Black "Lin, Aung"]
[Result "0-1"]
[WhiteElo "1141"]
[BlackElo "1735"]
[PlyCount "60"]
[EventDate "2015.??.??"]

1. e4 b6 2. d4 Bb7 3. d5 Nf6 4. Bd3 e6 5. c4 Bb4+ 6. Bd2 Na6 7. a3 Bd6 8. Bc3
exd5 9. cxd5 Qe7 10. Qe2 Nc5 11. Nd2 Nxd3+ 12. Qxd3 Nxd5 13. Ne2 Nxc3 14. Nxc3
O-O 15. O-O a5 16. Rac1 Bf4 17. Nd5 Qd6 18. Nxf4 Qxf4 19. g3 Qg4 20. Rxc7 Ba6
21. Nc4 Rac8 22. Rxc8 Rxc8 23. b3 a4 24. Qd5 axb3 25. Nd6 Rf8 26. Nxf7 Qe6 27.
Re1 Qxf7 28. Qd6 Qxf2+ 29. Kh1 Qxe1+ 30. Kg2 Qf1# 0-1

[Event "Mechanics' Spring TNM; G/2"]
[Site "San Francisco"]
[Date "2015.03.17"]
[Round "1.30"]
[White "Sachs-Weintraub, Julian"]
[Black "McKellar, Daniel"]
[Result "1-0"]
[WhiteElo "1141"]
[BlackElo "1674"]
[PlyCount "91"]
[EventDate "2015.??.??"]

1. e4 e6 2. d4 d5 3. e5 c5 4. c3 Nc6 5. Nf3 Bd7 6. a3 Be7 7. b4 cxb4 8. cxb4 f6
9. Be2 fxe5 10. Nxe5 Nxe5 11. dxe5 Qc7 12. Bf4 O-O-O 13. O-O g5 14. Bg3 Qb6 15.
Nc3 d4 16. Na4 Bxa4 17. Qxa4 h5 18. h3 h4 19. Bh2 Nh6 20. Qb3 Nf5 21. Bc4 Rh6
22. Rac1 Kb8 23. Rfd1 Ka8 24. Rc2 Rg6 25. Rdc1 a6 26. Be2 Rgg8 27. Rc7 Rgf8 28.
Bd3 Rf7 29. Rc8+ Rxc8 30. Rxc8+ Ka7 31. Bc4 Ng7 32. Bd3 Bd8 33. a4 Be7 34. b5
Rf8 35. Rxf8 Bxf8 36. Qc4 Bc5 37. f4 gxf4 38. Bxf4 Nf5 39. Bg5 Ne3 40. Qa2 Nf5
41. a5 Qc7 42. b6+ Bxb6 43. axb6+ Qxb6 44. Kh2 Qc6 45. Bxf5 exf5 46. Bxh4 1-0

[Event "Mechanics' Fall TNM; G/2"]
[Site "San Francisco"]
[Date "2015.10.20"]
[Round "1.25"]
[White "Sachs-Weintraub, Julian"]
[Black "Royzen, Igor"]
[Result "1/2-1/2"]
[WhiteElo "1321"]
[BlackElo "1893"]
[PlyCount "102"]
[EventDate "2015.??.??"]

1. e4 Nf6 2. Nc3 c5 3. Bc4 Nc6 4. Nf3 g6 5. O-O Bg7 6. Re1 O-O 7. h3 d6 8. d3
a6 9. a4 Ne8 10. Be3 Nc7 11. d4 cxd4 12. Nxd4 Ne6 13. Nxc6 bxc6 14. Rb1 a5 15.
Ne2 Rb8 16. c3 c5 17. Nf4 Nxf4 18. Bxf4 Be6 19. Qe2 Bxc4 20. Qxc4 Qb6 21. e5
Rfe8 22. Re3 Rbd8 23. exd6 exd6 24. Rf3 d5 25. Qd3 c4 26. Qd2 Qb3 27. Bc7 Rd7
28. Bxa5 Qxa4 29. Bb4 Qc6 30. Ra1 Bf8 31. Bxf8 Kxf8 32. Qh6+ Kg8 33. Re3 Rde7
34. Rae1 Rxe3 35. Rxe3 Rxe3 36. Qxe3 Qe6 37. Qxe6 fxe6 38. f4 Kf7 39. Kf2 Kf6
40. Ke3 e5 41. g4 exf4+ 42. Kxf4 g5+ 43. Kf3 Ke5 44. Ke3 h6 45. Kf3 d4 46.
cxd4+ Kxd4 47. Ke2 Kc5 48. Kd2 Kb5 49. Kc3 Kc5 50. Kd2 Kb4 51. Kc2 Kc5 1/2-1/2

[Event "Mechanics' Summer TNM; G/2"]
[Site "San Francisco"]
[Date "2015.07.14"]
[Round "8.35"]
[White "Sachs-Weintraub, Julian"]
[Black "Sherwood, Peter"]
[Result "1-0"]
[WhiteElo "1247"]
[BlackElo "1698"]
[Annotator "Donaldson"]
[PlyCount "141"]
[EventDate "2015.??.??"]

1. e4 c5 2. Bc4 e6 3. Nc3 Nc6 4. Nf3 a6 (4... Nf6 {
intending ...d5 was a good alternative.}) 5. a3 Bd6 (5... b5 6. Ba2 Bb7 7. d4
cxd4 8. Nxd4 Qc7 {is a good transposition into the Taimanov Sicilian for Black.
White's bishop on a2 is not well placed when hitting into a brick wall (pawns
f7 and e6).}) 6. d3 Ne5 (6... b5 7. Ba2 Bb7 {
was a promising alternative but the text is quite playable.}) 7. Nxe5 Bxe5 8.
O-O Ne7 9. Bg5 Qc7 10. Qh5 Ng6 11. Rad1 Bf4 ({
Black had an intriguing idea here in trying to trap White's bishop on b3 with} 
11... b5 12. Ba2 Bxc3 13. bxc3 c4 {One concrete line would be} 14. dxc4 Qc5 $1
{idea ...h6} 15. Qg4 Qxa3) 12. Bxf4 Qxf4 {
This drops a pawn for insufficient compensation.} (12... Nxf4 $11) 13. Qxc5 Qe5
14. Qe3 ({A question of taste.} 14. d4 {was also quite strong.}) 14... O-O 15.
d4 Qc7 16. b3 $2 (16. Bb3 {
followed by f2-f4-f5 would have been very tough to meet.}) 16... b5 17. Be2 Bb7
{White's weakening move b3 has given Black serious counterplay on the c-file.}
18. Bf3 Rac8 19. Rd3 $2 Qf4 $2 (19... Nf4 $1 {wins material for Black.}) 20. g3
Qxe3 21. Rxe3 Rc7 22. Bd1 Rfc8 23. Nb1 Ne7 24. Nd2 f5 25. f3 {
Black has some compensation for his pawn but not enough.} g6 26. c4 $1 Kf7 27.
c5 Kf6 28. g4 f4 29. Rd3 g5 30. b4 Rh8 31. Bb3 h5 32. e5+ $2 {
This activates Black's bishop and gives him the d5 square for his knight.} (32.
d5 $1) 32... Kg6 33. h3 hxg4 34. hxg4 Bd5 35. Kg2 Bxb3 36. Rxb3 Nd5 37. Rh1
Ne3+ 38. Kg1 Rcc8 39. Rxh8 Rxh8 40. Nf1 Nd5 (40... Nxf1 41. Kxf1 Rh1+ 42. Kg2
Ra1 43. Rd3 Kf7 {White can transfer his king to b2 but it is hard to believe
he can win with Black's rook so active.}) 41. Kg2 Kf7 42. Rb2 Ke7 43. Rc2 Rc8
44. Kf2 Kd8 45. Rc1 Kc7 46. Nd2 Rh8 47. Ne4 Kc6 48. Nxg5 Rh2+ 49. Kg1 Ra2 50.
Ne4 Rxa3 51. Kg2 Nxb4 52. g5 Nd5 53. g6 Ne3+ $6 (53... Ne7 54. g7 b4 55. Rh1
Ra2+) 54. Kh3 Nf5 55. Kg4 Ng7 56. Kxf4 b4 57. Rb1 (57. Nd6 b3 58. Kg5 {
followed by Kf6.}) 57... a5 58. Nd6 Kd5 59. Rd1 b3 $2 {
This traps the rook. Black was still very much in the game with} (59... a4) 60.
Nb5 $1 Ra2 61. Nc3+ Kc4 62. Nxa2 bxa2 63. Kg5 Kb3 64. Kf6 Nf5 65. c6 dxc6 66.
Kxe6 Nxd4+ 67. Kf6 Kb2 68. g7 a1=Q 69. Rxa1 Kxa1 70. g8=Q Nb3 71. Qxb3 1-0

[Event "Mechanics' Winter TNM; 30/90, SD/30"]
[Site "San Francisco"]
[Date "2015.02.17"]
[Round "7.32"]
[White "Sadowsky, Jacob"]
[Black "Ayinala, Shree"]
[Result "1-0"]
[WhiteElo "1681"]
[BlackElo "1236"]
[PlyCount "45"]
[EventDate "2015.??.??"]

1. e4 c5 2. Nc3 d6 3. f4 Nc6 4. g3 g6 5. Bg2 Bg7 6. Nge2 Nf6 7. d3 a6 8. O-O
O-O 9. Bd2 Re8 10. h3 h5 11. f5 e5 12. fxg6 fxg6 13. Bg5 Qc7 14. Bxf6 Bxf6 15.
Rxf6 Kg7 16. Qd2 Be6 17. Qg5 Ne7 18. Rxe6 Rad8 19. Nd5 Nxd5 20. Qxg6+ Kh8 21.
Rxe8+ Rxe8 22. Qxe8+ Kg7 23. exd5 1-0

[Event "Mechanics' Winter TNM; 30/90, SD/30"]
[Site "San Francisco"]
[Date "2015.02.03"]
[Round "5.35"]
[White "Sadowsky, Jacob"]
[Black "Morgan, Jerry"]
[Result "1-0"]
[WhiteElo "1681"]
[BlackElo "1524"]
[PlyCount "75"]
[EventDate "2015.??.??"]

1. e4 c6 2. d4 d5 3. e5 c5 4. c3 Nc6 5. Nf3 Bg4 6. Be2 Bxf3 7. Bxf3 e6 8. Be3
Qb6 9. Qd2 cxd4 10. Bxd4 Nxd4 11. cxd4 Bb4 12. Nc3 Ne7 13. a3 Bxc3 14. bxc3 Nf5
15. O-O O-O 16. Qd3 Rac8 17. Rab1 Qc7 18. Rb3 b6 19. Bxd5 Nxd4 20. Qxd4 exd5
21. Qxd5 Rcd8 22. Qe4 Rfe8 23. f4 Qc5+ 24. Kh1 Rd2 25. g4 Qe7 26. g5 Red8 27.
h4 Qe6 28. c4 Qg4 29. Qf3 Qxh4+ 30. Qh3 Qxh3+ 31. Rxh3 Ra2 32. f5 Rdd2 33. e6
fxe6 34. f6 Rf2 35. Rg1 g6 36. Rd1 Rac2 37. Rd8+ Kf7 38. Rxh7# 1-0

[Event "Mechanics' Winter TNM; 30/90, SD/30"]
[Site "San Francisco"]
[Date "2015.01.20"]
[Round "3.33"]
[White "Sadowsky, Jacob"]
[Black "Purland, Matthew"]
[Result "1-0"]
[WhiteElo "1681"]
[BlackElo "1464"]
[PlyCount "71"]
[EventDate "2015.??.??"]

1. e4 e6 2. d4 d5 3. e5 c5 4. c3 Nc6 5. Nf3 Qb6 6. Bd3 h6 7. O-O Bd7 8. dxc5
Bxc5 9. b4 Be7 10. Bf4 f5 11. Re1 g5 12. Be3 Qc7 13. Bd4 g4 14. b5 Na5 15. Nfd2
h5 16. Bxf5 O-O-O 17. Nb3 Nh6 18. Bd3 Nc4 19. N1d2 Bxb5 20. Qe2 b6 21. a4 Nxd2
22. Qxd2 Bxd3 23. Qxd3 Nf5 24. a5 Qc4 25. Qb1 Bc5 26. axb6 axb6 27. Nxc5 bxc5
28. Ra7 Rd7 29. Ra8+ Kc7 30. Rxh8 Kc6 31. Qb8 Ne7 32. Rb1 Qa6 33. Be3 d4 34.
cxd4 cxd4 35. Rc1+ Kd5 36. Qb3+ 1-0

[Event "Mechanics' Spring TNM; G/2"]
[Site "San Francisco"]
[Date "2015.04.14"]
[Round "5.37"]
[White "Sainz, Gualalupe"]
[Black "Brown, Nicholas"]
[Result "1-0"]
[WhiteElo "1835"]
[BlackElo "1484"]
[Annotator "Winslow,Elliott"]
[PlyCount "95"]
[EventDate "2015.??.??"]

1. d4 d5 2. c4 c6 3. Nc3 Nf6 4. cxd5 cxd5 5. Bf4 e6 6. e3 Bb4 7. Bd3 Nbd7 8.
Nf3 O-O 9. O-O b6 10. h3 Re8 11. Rc1 Nf8 12. a3 Bxc3 13. Rxc3 Ng6 14. Bh2 Re7
15. Qc2 Bb7 16. Rc1 Ne8 17. h4 Rd7 18. h5 Nf8 19. Ne5 Re7 20. Bg3 f6 21. Nc6
Bxc6 22. Rxc6 e5 23. dxe5 fxe5 24. Bh4 Nf6 25. h6 Re6 26. hxg7 Kxg7 27. Rc7+
Re7 28. Rc6 Re6 29. Rxe6 Nxe6 30. Qc6 Qe8 31. Qd6 e4 32. Bb5 Qf7 33. Qe5 Nc5
34. b4 (34. Bxf6+ Qxf6 35. Qxd5) 34... Qe6 35. Bxf6+ Qxf6 36. Qxf6+ Kxf6 37.
bxc5 Rc8 38. c6 Ke6 39. Kf1 Kd6 40. Ke2 a6 41. Bxa6 Rxc6 42. Rxc6+ Kxc6 43. Bc8
Kc5 44. g4 h6 45. Kd2 Kc4 46. Bb7 Kc5 47. Kc3 b5 48. Ba8 1-0

[Event "Mechanics' Spring TNM; G/2"]
[Site "San Francisco"]
[Date "2015.05.05"]
[Round "8.16"]
[White "Sainz, Gualalupe"]
[Black "Ho, Steve"]
[Result "1-0"]
[WhiteElo "1835"]
[BlackElo "1636"]
[PlyCount "63"]
[EventDate "2015.??.??"]

1. d4 d6 2. c4 Nf6 3. Nc3 Nbd7 4. e4 e5 5. d5 Be7 6. Bd3 O-O 7. Nge2 a6 8. O-O
c6 9. Kh1 cxd5 10. cxd5 Nc5 11. Bc2 Ng4 12. b4 Nd7 13. Ng3 Qc7 14. Bd2 Ndf6 15.
Rc1 Kh8 16. Bd3 Ng8 17. f4 Qb6 18. Qe2 exf4 19. Na4 Qd4 20. Bxf4 b5 21. Rxc8
Raxc8 22. Nf5 Qf6 23. Nb6 Rc7 24. Qxg4 Nh6 25. Nxh6 gxh6 26. Nd7 Qd4 27. Nxf8
Qxd3 28. Rd1 Qxe4 29. Qg3 Rc2 30. Bxh6 Bf6 31. Nd7 Qe2 32. Re1 1-0

[Event "Mechanics' Spring TNM; G/2"]
[Site "San Francisco"]
[Date "2015.03.17"]
[Round "1.24"]
[White "Sainz, Gualalupe"]
[Black "James, Charles"]
[Result "1-0"]
[WhiteElo "1835"]
[BlackElo "1409"]
[PlyCount "29"]
[EventDate "2015.??.??"]

1. Nf3 Nf6 2. d4 d5 3. c4 c6 4. cxd5 cxd5 5. Nc3 Nc6 6. Bf4 Bf5 7. e3 e6 8. Bd3
Ne4 9. O-O Be7 10. a3 Nxc3 11. bxc3 Qa5 12. Bxf5 exf5 13. Qd3 g6 14. Rfb1 Rb8
$4 15. Bxb8 1-0

[Event "Mechanics' Spring TNM; G/2"]
[Site "San Francisco"]
[Date "2015.04.14"]
[Round "5.19"]
[White "Sarafian, Greg"]
[Black "Aquino, Pat"]
[Result "1/2-1/2"]
[WhiteElo "1943"]
[BlackElo "1514"]
[PlyCount "65"]
[EventDate "2015.??.??"]

1. d4 d6 2. Nf3 g6 3. g3 Bg7 4. Bg2 f5 5. O-O Nf6 6. Nc3 O-O 7. Bg5 Ne4 8. Be3
Nxc3 9. bxc3 c6 10. Qd2 Nd7 11. Bh6 Nf6 12. Bxg7 Kxg7 13. Ne1 Qa5 14. Nd3 Ne4
15. Bxe4 fxe4 16. Nf4 e5 17. Ng2 Bf5 18. f3 Rad8 19. Ne3 Bh3 20. Ng2 Qd5 21.
Ne3 Qe6 22. Ng2 exf3 23. exf3 Qd5 24. Ne3 Qf7 25. Rf2 Rfe8 26. d5 cxd5 27. Nxd5
Rc8 28. Ne3 Red8 29. a4 Be6 30. Ng4 Kh8 31. Rb1 b6 32. Re1 Qd7 33. Nf6 1/2-1/2

[Event "Mechanics' Spring TNM; G/2"]
[Site "San Francisco"]
[Date "2015.03.31"]
[Round "3.6"]
[White "Sarafian, Greg"]
[Black "Byambaa, Uyanga"]
[Result "0-1"]
[WhiteElo "1943"]
[BlackElo "2168"]
[PlyCount "84"]
[EventDate "2015.??.??"]

1. d4 Nf6 2. c4 g6 3. g3 Bg7 4. Nf3 O-O 5. Bg2 d6 6. O-O c6 7. Nc3 Qa5 8. e4
Bg4 9. h3 Bxf3 10. Bxf3 e5 11. d5 cxd5 12. cxd5 Rc8 13. Be3 Nbd7 14. a3 a6 15.
b4 Qd8 16. Rc1 Nb6 17. Bxb6 Qxb6 18. Qd2 h5 19. Nd1 Qd4 20. Rxc8+ Rxc8 21. Qe2
b5 22. Ne3 Qc3 23. g4 hxg4 24. Bxg4 Rc7 25. h4 Nxe4 26. h5 Nf6 27. hxg6 fxg6
28. Be6+ Kf8 29. f4 exf4 30. Rxf4 Bh6 31. Rf3 Bxe3+ 32. Qxe3 Qxe3+ 33. Rxe3 Kg7
34. Kf2 g5 35. Kg3 Kg6 36. Rf3 Nh5+ 37. Kf2 Nf4 38. Re3 Rc2+ 39. Kf1 Kh5 40.
Rf3 Rc4 41. Kf2 g4 42. Re3 Kh4 0-1

[Event "Mechanics' Spring TNM; G/2"]
[Site "San Francisco"]
[Date "2015.03.17"]
[Round "1.20"]
[White "Sarafian, Greg"]
[Black "Nagle, Michael"]
[Result "1-0"]
[WhiteElo "1943"]
[BlackElo "1430"]
[PlyCount "49"]
[EventDate "2015.??.??"]

1. d4 Nf6 2. c4 g6 3. g3 Bg7 4. Bg2 O-O 5. Nf3 d5 6. cxd5 Nxd5 7. e4 Nf6 8. Nc3
c6 9. h3 Be6 10. O-O Qc8 11. Kh2 b5 12. Re1 b4 13. Na4 Na6 14. Qc2 Rb8 15. Bf4
b3 16. axb3 Bxb3 17. Qd3 Rb4 18. Nc3 Bc4 19. Qd2 Qb7 20. Nd1 Rd8 21. Ne5 Nc5
22. Qc3 Nb3 23. Rxa7 Qxa7 24. Qxb4 Qa6 25. Qxc4 1-0

[Event "Mechanics' Winter TNM; 30/90, SD/30"]
[Site "San Francisco"]
[Date "2015.01.06"]
[Round "1.25"]
[White "Sarafian, Greg"]
[Black "Purland, Matthew"]
[Result "1-0"]
[WhiteElo "1894"]
[BlackElo "1464"]
[PlyCount "67"]
[EventDate "2015.??.??"]

1. d4 Nf6 2. c4 e6 3. Nc3 Bb4 4. e3 Nc6 5. Nf3 d5 6. Qc2 Bd7 7. Bd2 O-O 8. a3
Bxc3 9. Bxc3 Ne4 10. Bd3 f5 11. b4 g5 12. b5 Nb8 13. Bb4 Rf7 14. Ne5 Rg7 15.
O-O c6 16. cxd5 cxd5 17. a4 a5 18. Ba3 b6 19. g4 fxg4 20. Bxe4 dxe4 21. Qxe4
Ra7 22. Rac1 Rc7 23. Rxc7 Qxc7 24. Rc1 Qd8 25. Qxg4 Qe8 26. Qe4 Bc8 27. Nc6 Bb7
28. d5 Nd7 29. Qxe6+ Qf7 30. Qxf7+ Kxf7 31. Nd8+ Ke8 32. Nxb7 Ne5 33. Nd6+ Kd7
34. Kg2 1-0

[Event "Mechanics' Winter TNM; 30/90, SD/30"]
[Site "San Francisco"]
[Date "2015.01.20"]
[Round "3.17"]
[White "Sarafian, Greg"]
[Black "Yamamoto, Craig"]
[Result "1-0"]
[WhiteElo "1894"]
[BlackElo "1584"]
[PlyCount "99"]
[EventDate "2015.??.??"]

1. d4 e6 2. Nf3 c5 3. e3 d5 4. b3 Nf6 5. Nbd2 b6 6. Bb2 Be7 7. Bd3 Bb7 8. O-O
O-O 9. Ne5 Nbd7 10. f4 Ne4 11. Rf3 f5 12. Nxd7 Nxd2 13. Qxd2 Qxd7 14. Rh3 Bf6
15. Qe2 g6 16. g4 Rac8 17. g5 Bh8 18. Qf2 Rc7 19. Bf1 Rfc8 20. Rc1 c4 21. Rg3
Qe7 22. c3 b5 23. b4 a6 24. h4 Bg7 25. Be2 Bf8 26. h5 Qg7 27. a3 Bc6 28. Rh3
Be8 29. Qg2 Bd6 30. Kf2 Bf7 31. Rch1 Rf8 32. Bf3 Re8 33. hxg6 Bxg6 34. Bxd5 Qf7
35. Bf3 Bf8 36. Bh5 Bg7 37. R1h2 Kf8 38. Qh1 Ke7 39. Bxg6 hxg6 40. Rh7 Rg8 41.
Qf3 Kd6 42. Kg3 Rd7 43. Re2 Kc7 44. e4 Rd6 45. exf5 exf5 46. Qe3 Rgd8 47. Qe5
R8d7 48. Qe8 Qxe8 49. Rxe8 Kb7 50. Rg8 1-0

[Event "Mechanics' Leighton Allen TNM; G/2"]
[Site "San Francisco"]
[Date "2015.08.18"]
[Round "3.18"]
[White "Sarafian, Greg M"]
[Black "Chalissery, Jossy"]
[Result "1-0"]
[WhiteElo "1913"]
[BlackElo "1586"]
[PlyCount "61"]
[EventDate "2015.??.??"]

1. d4 b6 2. c4 Bb7 3. Nc3 e6 4. Nf3 Nf6 5. Bg5 Be7 6. e3 O-O 7. Bd3 d5 8. Rc1
Nbd7 9. O-O c5 10. Re1 cxd4 11. exd4 Rc8 12. Qe2 Re8 13. Ne5 Nxe5 14. dxe5 Nd7
15. Bxe7 Qxe7 16. Nb5 dxc4 17. Bxc4 Qg5 18. f4 Qxf4 19. Nd6 b5 20. Nxe8 bxc4
21. Nd6 Rc7 22. Nxb7 Rxb7 23. Rxc4 Qg5 24. Rc8+ Nf8 25. Rd1 h6 26. Rdd8 Rxb2
27. Rxf8+ Kh7 28. Rh8+ Kg6 29. Qxb2 Qe3+ 30. Qf2 Qxe5 31. Qg3+ 1-0

[Event "Mechanics' Fall TNM; G/2"]
[Site "San Francisco"]
[Date "2015.12.15"]
[Round "9.8"]
[White "Sarafian, Greg M"]
[Black "Gerwin, Gene"]
[Result "1-0"]
[WhiteElo "1913"]
[BlackElo "1822"]
[PlyCount "91"]
[EventDate "2015.??.??"]

1. d4 b6 2. c4 Bb7 3. Bg5 f5 4. Nc3 g6 5. e3 Bg7 6. Nf3 Nf6 7. Bd3 O-O 8. Bxf6
exf6 9. Qb3 Nc6 10. h4 h5 11. O-O-O Re8 12. Ne2 Bh6 13. Rh3 Na5 14. Qc2 Be4 15.
Nd2 Bxd3 16. Qxd3 d5 17. g3 dxc4 18. Nxc4 Qd5 19. Nxa5 Qxa5 20. Qb3+ Kf8 21.
Nc3 Rad8 22. Rhh1 c5 23. d5 Qb4 24. Qxb4 cxb4 25. Ne2 Rc8+ 26. Kb1 Rc5 27. Nd4
Kf7 28. Nc6 a5 29. Rd4 Bf8 30. Rc1 Re4 31. Rd3 Rec4 32. Rcd1 Bd6 33. Nd8+ Ke7
34. Ne6 Rc8 35. Nd4 R8c5 36. R3d2 Kd7 37. b3 Rc3 38. Ne2 Be5 39. Nxc3 Bxc3 40.
Re2 Kd6 41. e4 fxe4 42. Rxe4 Be5 43. f4 Bc3 44. Re6+ Kc7 45. d6+ Kd8 46. d7 1-0

[Event "Mechanics' Leighton Allen TNM; G/2"]
[Site "San Francisco"]
[Date "2015.09.29"]
[Round "9.8"]
[White "Sarafian, Greg M"]
[Black "Krasnov, Steven"]
[Result "1-0"]
[WhiteElo "1913"]
[BlackElo "1965"]
[Annotator "Donaldson"]
[PlyCount "81"]
[EventDate "2015.??.??"]

1. d4 Nf6 2. Nf3 g6 3. c4 Bg7 4. Nc3 d5 5. g3 O-O 6. cxd5 Nxd5 7. Bg2 Na6 8.
O-O c5 9. e4 (9. Nxd5 {was an important alternative where White prefers active
pieces over a big pawn center.} Qxd5 10. Be3 cxd4 (10... Qh5 11. Qb3 b6 12.
Rac1 Rb8 13. Bf4 Rb7 14. Ne5) 11. Nxd4) 9... Nxc3 10. bxc3 Qa5 11. Qb3 Rd8 12.
Be3 e6 13. Rab1 Qc7 14. Bg5 Re8 15. Bf4 Qe7 16. Qb5 (16. Ne5 {and}) (16. d5 e5
17. Be3 {were important alternatives.}) 16... b6 17. Ne5 Bb7 18. Rfd1 Rac8 {
Diagram [#]} 19. Nc4 (19. d5 $1 {with the point that} exd5 20. exd5 Bxe5 $2 {
is met by} 21. d6) 19... Red8 20. Na5 $2 (20. d5 $1 Bxc3 21. dxe6 Qxe6 (21...
fxe6 22. Nd6) (21... Bd4 22. exf7+ Qxf7 23. Qb3) 22. Nd6) 20... cxd4 $2 (20...
bxa5 21. Qxb7 Qxb7 22. Rxb7 cxd4 23. cxd4 (23. Rxa7 Nb8) 23... Bxd4) 21. Nxb7
Qxb7 22. e5 Rd5 (22... Qe7 23. Qxa6 dxc3 24. Rxd8+ Rxd8 25. Qe2 {
and Black doesn't have enough for the piece.}) 23. Bxd5 exd5 24. Rxd4 (24. cxd4
) 24... Nc5 25. Rbd1 Rd8 26. c4 a6 27. Qb1 Ne6 28. Rxd5 Rc8 29. Be3 Rb8 30. Qe4
Qc7 31. f4 Bf8 32. f5 Nc5 33. Qf3 Re8 34. fxg6 hxg6 35. Kg2 Qc6 36. Rd8 Qxf3+
37. Kxf3 Rxe5 38. Bh6 Ne6 39. Rb8 Ng7 40. Rdd8 Kh7 41. Bf4 1-0